Fr. Conceicao Rodrigues College of Engineering

Wavelets A primer (Record no. 33665)

MARC details
000 -LEADER
fixed length control field 00356nam a2200169Ia 4500
082 ## - DEWEY DECIMAL CLASSIFICATION NUMBER
Classification number 515.723/BLA
Item number BLA
100 ## - MAIN ENTRY--PERSONAL NAME
Personal name Blatter/Christian
245 ## - TITLE STATEMENT
Title Wavelets A primer
260 ## - PUBLICATION, DISTRIBUTION, ETC.
Name of publisher, distributor, etc. Universities Press
Place of publication, distribution, etc. Mumbai
Date of publication, distribution, etc. 1998
366 ## - TRADE AVAILABILITY INFORMATION
Publishers's discount category 20
300 ## - PHYSICAL DESCRIPTION
Extent 202
546 ## - LANGUAGE NOTE
Language note ENGLISH
650 ## - SUBJECT ADDED ENTRY--TOPICAL TERM
Topical term or geographic name entry element Wavelets
654 ## - SUBJECT ADDED ENTRY--FACETED TOPICAL TERMS
Focus term wavelets
942 ## - ADDED ENTRY ELEMENTS (KOHA)
Koha item type BOOK
Holdings
Withdrawn status Lost status Damaged status Not for loan Collection Home library Current library Date acquired Source of acquisition Cost, normal purchase price Inventory number Total Checkouts Full call number Barcode Date last seen Cost, replacement price Price effective from Koha item type
        CRC Fr. Agnel's C.Rodrigues College of Engineering Fr. Agnel's C.Rodrigues College of Engineering 17/03/2023 Professional Book House. 175.00 562 dt 25/03/0208   515.723/BLA BLA 18582 17/03/2023 195.00   BOOK